STN 13 2370: 1977, Potrubí. Přechody trubkové. Technické dodací předpisy.

Uložené v:
Podrobná bibliografia
Médium: Norma
Jazyk:Slovak
Czech
Vydané: Praha : Vydavatelství Úřadu pro normalizaci a měření, 1977.
Témy:
Fyzický popis: 11 s. : obr. ,tab. ; 21 cm.
Tagy: Pridať tag
Žiadne tagy, Buďte prvý kto otaguje tento záznam!

MARC

LEADER 00000nam a2200000 a 4500
001 000746708
003 SVKKK
005 20260303084401.0
008 140219s1977 xo ka f u 000 0 slo c
FMT
040 |a SVKKK  |b slo  |c SVKKK  |e AACR2 
041 0 |a cze 
044 |a xo  |c SK 
046 |a s  |m 197701 (účin. ) 
080 |a 621.643.2/.4  |2 2001 
080 |a 006.7/.8  |2 2001 
080 |a (437.6) 2 2001 
080 |a (4)  |2 2001 
245 1 0 |a STN 13 2370: 1977, Potrubí. Přechody trubkové. Technické dodací předpisy. 
246 1 0 |a Potrubí 
246 1 0 |a Přechody trubkové 
246 1 0 |a Technické dodací předpisy 
246 3 0 |a ČSN 13 2370: 1977 
260 |a Praha :  |b Vydavatelství Úřadu pro normalizaci a měření,  |c 1977. 
300 |a 11 s. :  |b obr. ,tab. ;  |c 21 cm. 
540 |a STN vydané na akomkoľvek nosiči sa môžu rozmnožovať a rozširovať iba so súhlasom určenej právnickej osoby  |b SÚTN Bratislava  |c zákon 264/1999 Z. z. 
650 0 7 |a potrubia  |2 SVKKKPH 
655 7 |a normy  |2 SVKKKPH 
650 0 7 |a technické normy a štandardy  |z Slovensko  |2 SVKKKPH 
650 0 7 |a technické normy a štandardy  |z krajiny Európskej únie  |2 SVKKKPH 
650 0 7 |a rúry  |2 SVKKKPH 
650 0 7 |a Pipe  |2 SVKKKPHeng 
710 1 |a Československo.  |b Úřad pro normalizaci a měření  |4 stn 
910 |a svkkk 
998 |a NO 
OWN
Z30 1 |l SCK01  |l SCK01  |m PAPER  |1 SCKHL  |2 SK40  |b Normy Pribinova 1  |3 STN 13 2370  |6 15899  |q 20260303  |5 2721280026  |8 20260303  |f 40  |s Normy-prez.  |z 2.80  |t 00000000  |u 0000  |w 000746708  |x 000010 
090 |g SCKHL  |k Normy Pribinova 1  |a STN 13 2370  |j 15899  |i 2721280026  |s Normy-prez.